000 00478ntaaa2200193 4500
003 01
005 20251027202033.0
008 0714s1973 ag 01
040 _aAR-BaBN
_bspa
_cAR-BaBN
_eaacr
_dRIC
082 _a251.0000 B56
100 _aBlackwood, Andrew W
_9806
245 _aPlanning a year's pulpit work
250 _a1 ed.
260 _aNew York :
_bAbingdon Press,
_cc1942
300 _a240 p
650 _ahomilética
_91351
650 _asermones
_9362
942 _cBK
999 _c15172
_d15172